[Event "Paul Keres mem (37th)"]
[Site "Richmond CAN"]
[Date "2012.05.19"]
[Round "1.6"]
[White "Kolbus, Dietmar"]
[Black "Yousefzadeh, Mehrdad"]
[Result "1-0"]
[WhiteElo "2322"]
[BlackElo "1992"]
[PlyCount "101"]
[GameId "2160767909509283"]
[EventDate "2012.05.19"]
[EventType "swiss"]
[EventRounds "6"]
[EventCountry "CAN"]

1. c4 Nf6 2. Nc3 e6 3. e4 d5 4. e5 d4 5. exf6 dxc3 6. bxc3 Qxf6 7. d4 e5 8. Qe2 Be7 9. dxe5 Qa6 10. Nf3 Be6 11. Nd4 Nd7 12. f4 g6 13. Nxe6 fxe6 14. Be3 O-O-O 15. Rd1 Nc5 16. Rd4 Qa3 17. Qc2 Rxd4 18. Bxd4 Rd8 19. Be2 Qa5 20. O-O Na4 21. Bg4 Nc5 22. Kh1 Qa6 23. Be2 Qc6 24. Bf3 Qa6 25. Qe2 Qa4 26. Rb1 b6 27. g3 Qd7 28. h4 c6 29. Kh2 Kc7 30. Rd1 Qe8 31. Qc2 Qf7 32. Bxc5 Bxc5 33. Rxd8 Kxd8 34. Bxc6 Qc7 35. Qd3+ Ke7 36. Be4 Qd8 37. Qe2 Kf7 38. h5 Kg7 39. Kh3 Qe8 40. Qg4 Qf7 41. Qg5 Be7 42. hxg6 hxg6 43. Bxg6 Bxg5 44. Bxf7 Bxf4 45. gxf4 Kxf7 46. Kh4 Kg7 47. Kg5 a6 48. a4 a5 49. c5 bxc5 50. c4 Kf7 51. Kh6 1-0

[Event "Paul Keres mem (37th)"]
[Site "Richmond CAN"]
[Date "2012.05.19"]
[Round "1.7"]
[White "Lai, Peter"]
[Black "Pechisker, Alfred"]
[Result "0-1"]
[WhiteElo "1942"]
[BlackElo "2280"]
[PlyCount "70"]
[GameId "2160767909509284"]
[EventDate "2012.05.19"]
[EventType "swiss"]
[EventRounds "6"]
[EventCountry "CAN"]

1. d4 Nf6 2. c4 g6 3. Nc3 Bg7 4. e4 d6 5. f3 O-O 6. Be3 e5 7. Nge2 Nbd7 8. g4 exd4 9. Nxd4 Ne5 10. Be2 Re8 11. Qd2 Nexg4 12. fxg4 Nxe4 13. Nxe4 Rxe4 14. O-O-O Qe8 15. Nc2 Bxg4 16. Bxg4 Rxg4 17. Qd5 c6 18. Qxd6 Rxc4 19. Qd3 b5 20. Rhe1 Qe5 21. Bd4 Qf4+ 22. Be3 Qxh2 23. Rh1 Qe5 24. Bd4 Qg5+ 25. Be3 Qe7 26. Kb1 h5 27. Rhe1 Qh4 28. Qd7 a5 29. Rf1 Rf8 30. b3 Rc3 31. Bd2 Rc5 32. Bxa5 Qe4 33. Rf2 Qe5 34. Rd4 Rd5 35. Bc7 Qxd4 0-1

[Event "Paul Keres mem (37th)"]
[Site "Richmond CAN"]
[Date "2012.05.19"]
[Round "1.8"]
[White "Laceste, Loren"]
[Black "Molden, Ian"]
[Result "1-0"]
[WhiteElo "2224"]
[BlackElo "1928"]
[PlyCount "69"]
[GameId "2160767909509285"]
[EventDate "2012.05.19"]
[EventType "swiss"]
[EventRounds "6"]
[EventCountry "CAN"]

1. d4 g6 2. Nf3 Bg7 3. c4 d6 4. Nc3 Nc6 5. d5 Nb8 6. e4 Bg4 7. Be2 Nf6 8. O-O O-O 9. Be3 c5 10. e5 Nfd7 11. e6 Bxf3 12. Bxf3 Ne5 13. exf7+ Rxf7 14. Be2 Rf8 15. f4 Nf7 16. Ne4 Nd7 17. Rb1 Nf6 18. Nf2 Qd7 19. Bf3 Rab8 20. b4 b6 21. Re1 Rfe8 22. g4 Qc7 23. b5 g5 24. fxg5 Nd7 25. Qc2 Nfe5 26. Bg2 Rf8 27. Qe4 Rf7 28. Nh3 Rbf8 29. Nf4 Rxf4 30. Bxf4 Nxg4 31. Qe6+ Kh8 32. Qxg4 Bd4+ 33. Kh1 Ne5 34. Bxe5+ Bxe5 35. Rf1 1-0

[Event "Paul Keres mem (37th)"]
[Site "Richmond CAN"]
[Date "2012.05.19"]
[Round "1.9"]
[White "Roback, Joe"]
[Black "Kenney, Jason"]
[Result "0-1"]
[WhiteElo "1891"]
[BlackElo "2190"]
[PlyCount "74"]
[GameId "2160767909509286"]
[EventDate "2012.05.19"]
[EventType "swiss"]
[EventRounds "6"]
[EventCountry "CAN"]

1. e4 c5 2. Nf3 d6 3. d4 cxd4 4. Nxd4 Nf6 5. Nc3 a6 6. Rg1 e5 7. Nb3 Be6 8. g4 Nc6 9. g5 Nd7 10. Be3 Rc8 11. Qd2 g6 12. O-O-O b5 13. Kb1 Nb6 14. Nd5 Bxd5 15. exd5 Nb8 16. h4 Nc4 17. Qe1 Nxe3 18. Qxe3 Qc7 19. Rd2 Bg7 20. h5 O-O 21. Bd3 Rfe8 22. Be4 Nd7 23. Qh3 f5 24. Bf3 a5 25. Bd1 a4 26. Nc1 Nb6 27. Rh1 Nc4 28. Re2 e4 29. c3 a3 30. hxg6 hxg6 31. Qh7+ Kf7 32. Rh6 Ne5 33. Rxg6 Nxg6 34. Qh3 Qd7 35. Nb3 Rh8 36. Qf1 axb2 37. Rxb2 Rxc3 0-1

[Event "Paul Keres mem (37th)"]
[Site "Richmond CAN"]
[Date "2012.05.19"]
[Round "1.10"]
[White "Wu, Howard"]
[Black "Herdin, Matthew"]
[Result "1-0"]
[WhiteElo "2154"]
[BlackElo "1876"]
[PlyCount "52"]
[GameId "2160767909509287"]
[EventDate "2012.05.19"]
[EventType "swiss"]
[EventRounds "6"]
[EventCountry "CAN"]

1. e4 d6 2. c4 c5 3. Nc3 Nc6 4. Nge2 g6 5. g3 Bg7 6. Bg2 e6 7. O-O Nge7 8. d3 O-O 9. Bg5 h6 10. Be3 Nd4 11. Qd2 Kh7 12. Rab1 Nec6 13. f4 f5 14. Kh1 Rb8 15. Bg1 a6 16. Rfe1 Bd7 17. Nxd4 Nxd4 18. Ne2 e5 19. Be3 b5 20. cxb5 axb5 21. Nc3 b4 22. Bxd4 exd4 23. Nd5 fxe4 24. Bxe4 Bc6 25. Qe2 Re8 26. Qg4 Rxe4 1-0

[Event "Paul Keres mem (37th)"]
[Site "Richmond CAN"]
[Date "2012.05.19"]
[Round "1.14"]
[White "Erichsen, Dan"]
[Black "Collins, Casey"]
[Result "1-0"]
[WhiteElo "2083"]
[BlackElo "1671"]
[PlyCount "49"]
[GameId "2160767909509288"]
[EventDate "2012.05.19"]
[EventType "swiss"]
[EventRounds "6"]
[EventCountry "CAN"]

1. e4 c5 2. Nf3 d6 3. d4 cxd4 4. Nxd4 Nc6 5. Nc3 a6 6. Be3 e5 7. Nb3 Nf6 8. Qd2 Be7 9. f3 O-O 10. g4 Be6 11. g5 Nd7 12. O-O-O Bxb3 13. cxb3 Rc8 14. Kb1 Qa5 15. Nd5 Qxd2 16. Rxd2 Bd8 17. Bh3 Ncb8 18. f4 Re8 19. f5 Nc5 20. Bg2 Be7 21. Nxe7+ Rxe7 22. Rxd6 Rd7 23. Rhd1 Rxd6 24. Rxd6 Nbd7 25. b4 1-0

[Event "Paul Keres mem (37th)"]
[Site "Richmond CAN"]
[Date "2012.05.19"]
[Round "2"]
[White "Soliven, Joe"]
[Black "Laceste, Loren"]
[Result "0-1"]
[WhiteElo "2232"]
[BlackElo "2292"]
[PlyCount "112"]
[GameId "2160767909509289"]
[EventDate "2012.05.19"]
[EventType "swiss"]
[EventRounds "6"]
[EventCountry "CAN"]
[SourceTitle "CBM 148 Extra"]
[Source "ChessBase"]
[SourceDate "2012.06.22"]
[SourceVersion "1"]
[SourceVersionDate "2012.06.22"]
[SourceQuality "1"]

1. Nf3 Nf6 2. b3 g6 3. Bb2 Bg7 4. g3 c5 5. c4 O-O 6. Nc3 Nc6 7. Bg2 e5 8. O-O d6 9. Nh4 g5 10. Nf3 h6 11. d3 Ne8 12. e3 f5 13. Nd5 e4 14. Bxg7 exf3 15. Bxf8 fxg2 16. Bxh6 gxf1=Q+ 17. Kxf1 Ng7 18. h4 gxh4 19. f4 h3 20. Qe2 Kf7 21. Bg5 Qh8 22. Qb2 Be6 23. Qf6+ Kg8 24. Bh6 Bxd5 25. cxd5 Nd8 26. Kf2 Nf7 27. Bg5 Qh5 28. Rh1 Nxg5 29. fxg5 Re8 30. Qh6 Qxh6 31. gxh6 Nh5 32. Rxh3 Nf6 33. Kf3 Nxd5 34. e4 fxe4+ 35. dxe4 Nf6 36. Rh4 Kh7 37. Rf4 Kg6 38. Rh4 Rh8 39. Kf4 Nh5+ 40. Ke3 Rxh6 41. Kd3 Nf6 42. Rf4 Rh3 43. Rf3 Nd7 44. Kc3 Ne5 45. Re3 b5 46. b4 Kf6 47. a3 Ke6 48. a4 bxa4 49. b5 d5 50. exd5+ Kxd5 51. Kd2 Kd4 52. Ra3 c4 53. Rxa4 Rh2+ 54. Kd1 Nd3 55. g4 Nc5 56. g5 Nxa4 0-1

[Event "Paul Keres mem (37th)"]
[Site "Richmond CAN"]
[Date "2012.05.19"]
[Round "2.1"]
[White "Orlov, Georgi"]
[Black "Erichsen, Dan"]
[Result "1/2-1/2"]
[WhiteElo "2541"]
[BlackElo "2083"]
[PlyCount "101"]
[GameId "2160767909509290"]
[EventDate "2012.05.19"]
[EventType "swiss"]
[EventRounds "6"]
[EventCountry "CAN"]

1. d4 d5 2. c4 c6 3. Nc3 Nf6 4. Nf3 a6 5. cxd5 cxd5 6. Bf4 e6 7. e3 Bd6 8. Bd3 Bxf4 9. exf4 Nc6 10. O-O O-O 11. Ne5 Nxd4 12. Bxh7+ Nxh7 13. Qxd4 Bd7 14. Rfd1 Bc6 15. b4 Qf6 16. a4 Rfc8 17. Ne2 Nf8 18. Rdc1 Ng6 19. Nd3 Qf5 20. f3 Nh4 21. Rc3 Qg6 22. Qf2 Qf6 23. Rac1 Rd8 24. Nd4 Bxa4 25. Rc7 Nf5 26. Nxf5 Qxf5 27. Qd4 Rab8 28. g4 Qf6 29. Ne5 Rf8 30. Kg2 Qd8 31. Ng6 Re8 32. Qe5 Bc6 33. Ne7+ Rxe7 34. Rxe7 Rc8 35. Rxc6 bxc6 36. Rb7 c5 37. bxc5 Rxc5 38. g5 Rb5 39. Ra7 d4 40. Qe4 Rb8 41. g6 fxg6 42. Qxe6+ Kh7 43. Qe5 Qf8 44. Qxd4 Rb4 45. Rxg7+ Qxg7 46. Qxb4 Qc7 47. Qe4 Qd7 48. h4 a5 49. Kg3 Qf7 50. Qa4 Qa7 51. Kg2 1/2-1/2

[Event "Paul Keres mem (37th)"]
[Site "Richmond CAN"]
[Date "2012.05.19"]
[Round "2.2"]
[White "Corper, Adam"]
[Black "Doroshenko, Maxim"]
[Result "0-1"]
[WhiteElo "2100"]
[BlackElo "2512"]
[PlyCount "134"]
[GameId "2160767909509291"]
[EventDate "2012.05.19"]
[EventType "swiss"]
[EventRounds "6"]
[EventCountry "CAN"]

1. d4 Nf6 2. Bf4 e6 3. e3 b6 4. Nf3 Bb7 5. Bd3 Be7 6. h3 c5 7. O-O Nc6 8. c3 O-O 9. Nbd2 d6 10. Qe2 cxd4 11. exd4 Re8 12. Rad1 Bf8 13. Bg5 Ne7 14. Rfe1 a6 15. Ne4 Nxe4 16. Bxe4 Bxe4 17. Qxe4 Qc7 18. Bf4 Nd5 19. Ng5 Nf6 20. Qf3 b5 21. Ne4 Nxe4 22. Qxe4 Qc4 23. a3 d5 24. Qe5 a5 25. Re3 b4 26. axb4 axb4 27. Rg3 g6 28. Qe3 Ra2 29. Be5 Rxb2 30. Qf4 Bg7 31. Rf3 f5 32. Bxg7 Kxg7 33. cxb4 Qxb4 34. Re3 Qb8 35. Re5 Re2 36. Rc1 Rxe5 37. dxe5 Rc8 38. Rxc8 Qxc8 39. Qh4 Qc1+ 40. Kh2 g5 41. Qh5 Qf4+ 42. Kg1 Qc1+ 43. Kh2 Qf4+ 44. Kg1 g4 45. hxg4 fxg4 46. g3 Qf5 47. Qh4 h6 48. Qe7+ Qf7 49. Qd8 Kg6 50. Qb6 Qf5 51. Qd6 h5 52. Qb8 Qf3 53. Qg8+ Kf5 54. Qh8 Ke4 55. Qxh5 Qf5 56. Qe8 Qxe5 57. Qc6 Kf3 58. Qc1 d4 59. Qd1+ Qe2 60. Qb3+ d3 61. Qb7+ Qe4 62. Qf7+ Ke2 63. Qd7 Qd5 64. Qa7 d2 65. Qe3+ Kd1 66. f4 gxf3 67. Kf2 Kc2 0-1

[Event "Paul Keres mem (37th)"]
[Site "Richmond CAN"]
[Date "2012.05.19"]
[Round "2.3"]
[White "Vrana, Rudy"]
[Black "Kolbus, Dietmar"]
[Result "0-1"]
[WhiteElo "2201"]
[BlackElo "2322"]
[PlyCount "66"]
[GameId "2160767909509292"]
[EventDate "2012.05.19"]
[EventType "swiss"]
[EventRounds "6"]
[EventCountry "CAN"]

1. Nf3 Nf6 2. g3 g6 3. Bg2 Bg7 4. d3 d5 5. Nbd2 O-O 6. e4 c5 7. O-O Nc6 8. Re1 d4 9. Nb3 b6 10. e5 Nd5 11. h3 Rb8 12. Qe2 Bb7 13. e6 f6 14. Nfd2 Nc7 15. Nc4 Nb4 16. Bf4 Bxg2 17. Kxg2 Nbd5 18. Bd2 Rc8 19. Qf3 Qe8 20. Re2 Qc6 21. Rae1 Na6 22. c3 dxc3 23. bxc3 Rfd8 24. h4 h5 25. Kh2 Nb8 26. Qg2 Nc7 27. Nb2 Qxg2+ 28. Kxg2 Nc6 29. f4 f5 30. Kf3 Rd6 31. d4 cxd4 32. cxd4 Nb5 33. Re5 Nbxd4+ 0-1

[Event "Paul Keres mem (37th)"]
[Site "Richmond CAN"]
[Date "2012.05.19"]
[Round "2.4"]
[White "Pechisker, Alfred"]
[Black "Patterson, Roger"]
[Result "0-1"]
[WhiteElo "2280"]
[BlackElo "2076"]
[PlyCount "98"]
[GameId "2160767909509293"]
[EventDate "2012.05.19"]
[EventType "swiss"]
[EventRounds "6"]
[EventCountry "CAN"]

1. d4 f5 2. c4 Nf6 3. g3 g6 4. Bg2 Bg7 5. Nf3 O-O 6. O-O d6 7. Nbd2 Qe8 8. d5 c6 9. Nb3 Na6 10. dxc6 bxc6 11. Be3 Bd7 12. Rb1 h6 13. Nc1 Ng4 14. Qd2 Nxe3 15. Qxe3 e5 16. b4 Nc7 17. Nd2 d5 18. cxd5 Nxd5 19. Qc5 e4 20. Nc4 Qe6 21. Rb3 Rfb8 22. a3 Nb6 23. Nd2 Qd5 24. Qc2 Be6 25. Rb1 Rd8 26. Nxe4 fxe4 27. Bxe4 Qc4 28. Bxg6 Qxc2 29. Bxc2 Nc4 30. Bb3 Kf7 31. Bxc4 Bxc4 32. Nd3 Rxd3 33. exd3 Bxd3 34. Rbd1 Bxf1 35. Kxf1 Ke6 36. f4 a5 37. Rc1 axb4 38. axb4 Ra1 39. Rxa1 Bxa1 40. g4 Bc3 41. Ke2 Bxb4 42. Kd3 Kd5 43. h4 Be7 44. g5 hxg5 45. fxg5 c5 46. Kc3 c4 47. Kc2 Kd4 48. Kd2 c3+ 49. Kc2 Kc4 0-1

[Event "Paul Keres mem (37th)"]
[Site "Richmond CAN"]
[Date "2012.05.19"]
[Round "2.6"]
[White "Kenney, Jason"]
[Black "Awatramani, Janak"]
[Result "0-1"]
[WhiteElo "2190"]
[BlackElo "2011"]
[PlyCount "42"]
[GameId "2160767909509294"]
[EventDate "2012.05.19"]
[EventType "swiss"]
[EventRounds "6"]
[EventCountry "CAN"]

1. d4 b6 2. e4 Bb7 3. Bd3 e6 4. Nf3 Be7 5. Qe2 d5 6. e5 c5 7. c3 Nc6 8. a3 Qc7 9. dxc5 bxc5 10. O-O g5 11. Re1 g4 12. Nfd2 h5 13. f4 Nh6 14. Nf1 O-O-O 15. Be3 d4 16. Bd2 Qb6 17. b4 dxc3 18. Be3 Nd4 19. Qf2 Nb3 20. Bc4 Nxa1 21. Nxc3 g3 0-1

[Event "Paul Keres mem (37th)"]
[Site "Richmond CAN"]
[Date "2012.05.19"]
[Round "2.7"]
[White "Gedajlovic, Max"]
[Black "Wu, Howard"]
[Result "0-1"]
[WhiteElo "1630"]
[BlackElo "2154"]
[PlyCount "58"]
[GameId "2160767909509295"]
[EventDate "2012.05.19"]
[EventType "swiss"]
[EventRounds "6"]
[EventCountry "CAN"]

1. d4 c5 2. c4 cxd4 3. Nf3 Nc6 4. Nxd4 g6 5. Nc3 Bg7 6. e3 Nf6 7. Bd3 O-O 8. O-O d5 9. cxd5 Nxd4 10. exd4 Nxd5 11. Be3 Be6 12. Ne2 Nb4 13. a3 Nxd3 14. Qxd3 Rc8 15. Rac1 Qd5 16. Ng3 Rfd8 17. Rxc8 Bxc8 18. Rc1 e5 19. Qc2 exd4 20. Bd2 Be6 21. Qa4 a6 22. Ba5 Bd7 23. Qb4 Bf8 24. Qd2 Re8 25. Bc3 Bc6 26. f3 dxc3 27. Qxc3 Bg7 28. Qc2 Bd4+ 29. Kh1 Qe5 0-1

[Event "Paul Keres mem (37th)"]
[Site "Richmond CAN"]
[Date "2012.05.19"]
[Round "2.8"]
[White "Piasetski, Leon"]
[Black "Zhang, Yutong"]
[Result "1-0"]
[WhiteElo "2419"]
[BlackElo "1843"]
[PlyCount "75"]
[GameId "2160767909509296"]
[EventDate "2012.05.19"]
[EventType "swiss"]
[EventRounds "6"]
[EventCountry "CAN"]

1. c4 c5 2. Nf3 Nf6 3. Nc3 Nc6 4. d4 cxd4 5. Nxd4 e5 6. Ndb5 d6 7. Bg5 a6 8. Bxf6 gxf6 9. Na3 Bf5 10. e3 Ne7 11. Be2 Bg7 12. Qa4+ Nc6 13. O-O-O O-O 14. c5 Bd7 15. Rxd6 Qc8 16. Nc4 b5 17. cxb6 Nb8 18. Qb3 Qb7 19. Bf3 Nc6 20. Ne4 Be6 21. Nc5 Bxc4 22. Qxc4 Qxb6 23. Rxc6 Qb5 24. Qxb5 axb5 25. Kb1 Rfd8 26. Rb6 Rab8 27. Rxb8 Rxb8 28. Rd1 Bf8 29. Nd7 Rc8 30. Nxf6+ Kg7 31. Nd7 f6 32. Nxf8 Kxf8 33. Rd7 Kg8 34. Bd5+ Kh8 35. e4 Rb8 36. Rb7 Rxb7 37. Bxb7 Kg7 38. b4 1-0

[Event "Paul Keres mem (37th)"]
[Site "Richmond CAN"]
[Date "2012.05.19"]
[Round "2.9"]
[White "Xiao, Alice"]
[Black "Yoos, John"]
[Result "0-1"]
[WhiteElo "1803"]
[BlackElo "2378"]
[PlyCount "90"]
[GameId "2160767909509297"]
[EventDate "2012.05.19"]
[EventType "swiss"]
[EventRounds "6"]
[EventCountry "CAN"]

1. e4 c5 2. Nf3 d6 3. Bb5+ Nd7 4. d4 Ngf6 5. Qe2 cxd4 6. Nxd4 g6 7. Nc3 Bg7 8. Be3 O-O 9. O-O Ne5 10. h3 a6 11. Ba4 Qc7 12. Bb3 b5 13. a4 b4 14. Nd5 Nxd5 15. Bxd5 Bb7 16. Bxb7 Qxb7 17. f4 Nd7 18. Bf2 Rfc8 19. Ra2 Qc7 20. b3 Qb7 21. Nf3 Nf6 22. Nd2 Rc7 23. Re1 Rac8 24. Nc4 Nxe4 25. Qxe4 Qxe4 26. Rxe4 d5 27. Nb6 dxe4 28. Nxc8 Rxc8 29. a5 Bc3 30. Kf1 f5 31. Be1 Bxe1 32. Kxe1 Kf7 33. Kd1 Ke6 34. Ra4 Rb8 35. Kd2 Kd5 36. c4+ Kd4 37. Ra1 e3+ 38. Kc2 Ke4 39. g3 Kf3 40. Re1 Kf2 41. Rh1 e2 42. Rh2+ Kf1 43. Rh1+ Kg2 44. Re1 Kf2 45. Kd2 Rd8+ 0-1

[Event "Paul Keres mem (37th)"]
[Site "Richmond CAN"]
[Date "2012.05.19"]
[Round "2.10"]
[White "Lo, Ryan"]
[Black "Kong, Dezheng"]
[Result "1-0"]
[WhiteElo "2013"]
[BlackElo "2108"]
[PlyCount "127"]
[GameId "2160767909509298"]
[EventDate "2012.05.19"]
[EventType "swiss"]
[EventRounds "6"]
[EventCountry "CAN"]

1. d4 Nf6 2. c4 g6 3. Nc3 Bg7 4. e4 d6 5. f3 O-O 6. Be3 c5 7. Nge2 Nc6 8. Qd2 b6 9. Rc1 e6 10. b3 Qe7 11. d5 exd5 12. cxd5 Ne5 13. Nf4 a6 14. Nd3 Nfd7 15. Be2 Nxd3+ 16. Bxd3 Ne5 17. O-O f5 18. Rce1 f4 19. Bf2 g5 20. Na4 Rb8 21. Nb2 b5 22. Kh1 h5 23. Be2 g4 24. Nd3 Nxd3 25. Qxd3 Be5 26. g3 Qh7 27. Rg1 fxg3 28. Bxg3 Bxg3 29. Rxg3 h4 30. Rg2 g3 31. hxg3 hxg3+ 32. Kg1 Rf4 33. Rxg3+ Kf8 34. Kg2 Rh4 35. Rg1 Rb7 36. Kf2 Rh2+ 37. Ke1 Rh1 38. Qe3 Rxg1+ 39. Rxg1 Qh4+ 40. Kd2 Rf7 41. Qg5 Qxg5+ 42. Rxg5 Ke7 43. Ke3 Bd7 44. Rg8 Be8 45. Rh8 a5 46. f4 b4 47. Bh5 Rf8 48. Rxf8 Kxf8 49. Bxe8 Kxe8 50. Kd3 Ke7 51. e5 dxe5 52. fxe5 Kd7 53. Kc4 Kc7 54. Kxc5 Kd7 55. e6+ Ke7 56. Kc6 Kd8 57. d6 a4 58. bxa4 b3 59. axb3 Kc8 60. e7 Kb8 61. e8=Q+ Ka7 62. Qd7+ Ka6 63. Qb7+ Ka5 64. Qb5# 1-0

[Event "Paul Keres mem (37th)"]
[Site "Richmond CAN"]
[Date "2012.05.19"]
[Round "2.11"]
[White "Kyriakides, Savvas"]
[Black "Chan, James"]
[Result "0-1"]
[WhiteElo "2069"]
[BlackElo "2019"]
[PlyCount "80"]
[GameId "2160767909509299"]
[EventDate "2012.05.19"]
[EventType "swiss"]
[EventRounds "6"]
[EventCountry "CAN"]

1. e4 e5 2. Nf3 Nc6 3. Bb5 a6 4. Ba4 Nf6 5. O-O Be7 6. Re1 b5 7. Bb3 d6 8. c3 O-O 9. h3 Na5 10. Bc2 d5 11. Nxe5 Nxe4 12. d3 Nd6 13. b4 f6 14. bxa5 fxe5 15. Rxe5 c6 16. d4 Nc4 17. Rh5 g6 18. Rxh7 Bf5 19. Bxf5 Rxf5 20. Rh6 Kg7 21. g4 Rg5 22. Rh4 Qd6 23. f4 Rf5 24. gxf5 Bxh4 25. Qg4 Qf6 26. Nd2 Ne3 27. Qxg6+ Qxg6+ 28. fxg6 Be1 29. Rb1 Bxd2 30. Bxd2 Nc4 31. Be1 Kxg6 32. Bg3 Re8 33. Kf2 Re3 34. Re1 Rxc3 35. Re6+ Kf5 36. Rxc6 Rc2+ 37. Ke1 Ke4 38. Rg6 Kf3 39. Kd1 Ne3+ 40. Ke1 Re2# 0-1

[Event "Paul Keres mem (37th)"]
[Site "Richmond CAN"]
[Date "2012.05.19"]
[Round "2.12"]
[White "Villavieja, Butch"]
[Black "Roback, Joe"]
[Result "1-0"]
[WhiteElo "2337"]
[BlackElo "1891"]
[PlyCount "49"]
[GameId "2160767909509300"]
[EventDate "2012.05.19"]
[EventType "swiss"]
[EventRounds "6"]
[EventCountry "CAN"]

1. e4 c5 2. Nf3 a6 3. d4 cxd4 4. Nxd4 Nf6 5. Nc3 e5 6. Nb3 Bb4 7. Bd3 d5 8. exd5 Qxd5 9. O-O Bxc3 10. bxc3 O-O 11. c4 Qc6 12. Re1 Re8 13. h3 b6 14. Bb2 Bb7 15. Bf1 Nbd7 16. Re3 Rad8 17. Qe2 Qc7 18. Re1 e4 19. Rg3 Ne5 20. Nd4 Bc8 21. Kh1 Qc5 22. Rd1 Rd6 23. Ba3 Qc7 24. Bxd6 Qxd6 25. Nf5 1-0

[Event "Paul Keres mem (37th)"]
[Site "Richmond CAN"]
[Date "2012.05.19"]
[Round "2.13"]
[White "Herdin, Matthew"]
[Black "Cao, Jason"]
[Result "1-0"]
[WhiteElo "1876"]
[BlackElo "2057"]
[PlyCount "47"]
[GameId "2160767909509301"]
[EventDate "2012.05.19"]
[EventType "swiss"]
[EventRounds "6"]
[EventCountry "CAN"]

1. e4 c5 2. Nf3 d6 3. d4 cxd4 4. Nxd4 Nf6 5. Nc3 a6 6. Bg5 e6 7. Qf3 Be7 8. O-O-O h6 9. Be3 Qc7 10. Be2 b5 11. e5 Bb7 12. Qg3 dxe5 13. Qxg7 Rg8 14. Nxe6 Qc8 15. Bg4 Nbd7 16. Qxh6 Bf8 17. Nxf8 Nxg4 18. Qd6 Nxf8 19. Bc5 Qe6 20. Qc7 Rc8 21. Qxb7 Rxc5 22. Ne4 Rc6 23. Qb8+ Ke7 24. Qd8# 1-0

[Event "Paul Keres mem (37th)"]
[Site "Richmond CAN"]
[Date "2012.05.22"]
[Round "2.16"]
[White "Collins, Casey"]
[Black "Lai, Peter"]
[Result "0-1"]
[WhiteElo "1671"]
[BlackElo "1942"]
[PlyCount "103"]
[GameId "2160767909509302"]
[EventDate "2012.05.19"]
[EventType "swiss"]
[EventRounds "6"]
[EventCountry "CAN"]

1. d4 f5 2. c4 Nf6 3. Nc3 e6 4. Nf3 Be7 5. e3 O-O 6. Bd3 d5 7. cxd5 exd5 8. O-O c6 9. Ne5 Ne4 10. f3 Nxc3 11. bxc3 Nd7 12. Nxd7 Bxd7 13. f4 Be6 14. Qc2 b5 15. Rf3 Qd7 16. a4 a6 17. Ba3 Bxa3 18. Rxa3 g6 19. Qa2 Qb7 20. Rf1 Kf7 21. Ra1 b4 22. cxb4 Qxb4 23. Rb1 Qd6 24. Rb7+ Bd7 25. Rab3 Rfe8 26. Kf2 Re7 27. a5 Bc8 28. Rxe7+ Kxe7 29. Rb6 Kd7 30. Qe2 Qa3 31. Qc2 Qd6 32. Qb3 Kc7 33. h3 Qe7 34. Qc3 Bb7 35. Qb3 Bc8 36. g4 fxg4 37. hxg4 Qh4+ 38. Kf1 Qxg4 39. Rxc6+ Kxc6 40. Qb6+ Kd7 41. Bb5+ axb5 42. Qxb5+ Ke7 43. Qc5+ Ke8 44. Qc6+ Qd7 45. Qxa8 Qb7 46. Qxb7 Bxb7 47. Kf2 Kd7 48. Kg3 Kc6 49. Kg4 Bc8+ 50. Kg5 Bf5 51. Kh6 Kb5 52. Kxh7 0-1

[Event "Paul Keres mem (37th)"]
[Site "Richmond CAN"]
[Date "2012.05.20"]
[Round "3"]
[White "Lo, Ryan"]
[Black "Piasetski, Leon"]
[Result "0-1"]
[WhiteElo "1929"]
[BlackElo "2305"]
[PlyCount "100"]
[GameId "2160767909509304"]
[EventDate "2012.05.19"]
[EventType "swiss"]
[EventRounds "6"]
[EventCountry "CAN"]
[SourceTitle "CBM 148 Extra"]
[Source "ChessBase"]
[SourceDate "2012.06.22"]
[SourceVersion "1"]
[SourceVersionDate "2012.06.22"]
[SourceQuality "1"]

1. d4 e6 2. c4 f5 3. g3 Nf6 4. Nc3 Bb4 5. Bd2 Qe7 6. Nf3 O-O 7. Bg2 d6 8. a3 Bxc3 9. Bxc3 Ne4 10. Rc1 Nd7 11. O-O Ndf6 12. Nd2 Nxc3 13. Rxc3 e5 14. e3 c5 15. Re1 Be6 16. b4 Rad8 17. Qb1 b6 18. Qb2 e4 19. bxc5 dxc5 20. d5 Bd7 21. Qb3 Qe8 22. Qb1 Ba4 23. f3 exf3 24. Bxf3 Qe5 25. Qd3 Rde8 26. Bd1 Bxd1 27. Rxd1 Ng4 28. Nf1 Qd6 29. a4 h5 30. Qc2 Re4 31. Qg2 Rfe8 32. Qf3 g6 33. Re1 Qf6 34. Rc2 Qe5 35. Kg2 Kf7 36. h3 Nxe3+ 37. Nxe3 Rxe3 38. Rxe3 Qxe3 39. a5 Qd4 40. axb6 axb6 41. Qf2 Re3 42. Rd2 Qe4+ 43. Kh2 h4 44. gxh4 Rf3 45. Qg2 Qf4+ 46. Kg1 Rg3 47. Qxg3 Qxg3+ 48. Kf1 Qf4+ 49. Ke1 Qxc4 50. d6 Ke8 0-1

[Event "Paul Keres mem (37th)"]
[Site "Richmond CAN"]
[Date "2012.05.20"]
[Round "3.1"]
[White "Doroshenko, Maxim"]
[Black "Wu, Howard"]
[Result "1-0"]
[WhiteElo "2512"]
[BlackElo "2154"]
[PlyCount "67"]
[GameId "2160767909509305"]
[EventDate "2012.05.19"]
[EventType "swiss"]
[EventRounds "6"]
[EventCountry "CAN"]

1. Nf3 c5 2. c4 Nf6 3. d4 g6 4. Nc3 cxd4 5. Nxd4 Nc6 6. e4 Bg7 7. Nc2 O-O 8. Be2 d6 9. O-O Be6 10. Rb1 Qc8 11. f3 Nd7 12. Nd5 Re8 13. Be3 Nce5 14. Na3 Nc5 15. Qd2 f5 16. b4 Na4 17. f4 Nf7 18. Nb5 a6 19. Nd4 Bxd5 20. exd5 b5 21. cxb5 Qc3 22. Ne6 Qxd2 23. Bxd2 Bc3 24. Be3 a5 25. Nc7 Bxb4 26. Bd4 Bc3 27. Bxc3 Nxc3 28. Rb2 Rec8 29. Nxa8 Rxa8 30. Rc2 Nxd5 31. Bf3 e6 32. Bxd5 exd5 33. Rfc1 Re8 34. Rc8 1-0

[Event "Paul Keres mem (37th)"]
[Site "Richmond CAN"]
[Date "2012.05.20"]
[Round "3.2"]
[White "Kolbus, Dietmar"]
[Black "Patterson, Roger"]
[Result "1-0"]
[WhiteElo "2322"]
[BlackElo "2076"]
[PlyCount "61"]
[GameId "2160767909509306"]
[EventDate "2012.05.19"]
[EventType "swiss"]
[EventRounds "6"]
[EventCountry "CAN"]

1. d4 Nf6 2. Nf3 e6 3. g3 b6 4. Bg2 Bb7 5. O-O Be7 6. c4 d5 7. Nc3 O-O 8. Ne5 Na6 9. Qa4 Qe8 10. Bg5 Qxa4 11. Nxa4 c6 12. c5 b5 13. Nc3 Nc7 14. Rad1 a5 15. Rfe1 Rfe8 16. Nb1 Nd7 17. Bxe7 Rxe7 18. Nxd7 Rxd7 19. Nd2 Rad8 20. f4 f5 21. Nb3 a4 22. Nc1 b4 23. Nd3 Na6 24. Bf3 Ra8 25. Kf2 Bc8 26. Rg1 Rb7 27. Ne5 Nb8 28. g4 b3 29. a3 Re7 30. gxf5 exf5 31. Nxc6 1-0

[Event "Paul Keres mem (37th)"]
[Site "Richmond CAN"]
[Date "2012.05.20"]
[Round "3.3"]
[White "Laceste, Loren"]
[Black "Awatramani, Janak"]
[Result "1-0"]
[WhiteElo "2224"]
[BlackElo "2011"]
[PlyCount "89"]
[GameId "2160767909509307"]
[EventDate "2012.05.19"]
[EventType "swiss"]
[EventRounds "6"]
[EventCountry "CAN"]

1. d4 b6 2. c4 Bb7 3. Nc3 e6 4. Nf3 Nf6 5. a3 Be7 6. d5 O-O 7. e4 exd5 8. exd5 Re8 9. Be2 d6 10. O-O Nbd7 11. b4 a6 12. h3 h6 13. Be3 Bf8 14. Qc2 b5 15. Rfd1 bxc4 16. Bxc4 g6 17. Rac1 Nb6 18. Bb3 Bg7 19. a4 Rc8 20. a5 Nbd7 21. Nd4 Ne5 22. Nc6 Nxc6 23. dxc6 Bxc6 24. Qxg6 Bd5 25. Qc2 Bxb3 26. Qxb3 Rb8 27. Qc4 Qc8 28. Qh4 Qf5 29. Qc4 Qc8 30. b5 axb5 31. Nxb5 Rxe3 32. fxe3 Qe8 33. Nc3 Qxe3+ 34. Kh1 Nh5 35. Re1 Qf2 36. Ne4 Qf4 37. Rf1 Qe5 38. Qxf7+ Kh8 39. Rxc7 d5 40. Re7 Qxe4 41. Rxe4 Ng3+ 42. Kg1 dxe4 43. Rd1 Rf8 44. Qxf8+ Bxf8 45. Rd8 1-0